| 000 | 00329nam a2200097Ia 4500 | ||
|---|---|---|---|
| 008 | 220120s9999||||xx |||||||||||||| ||und|| | ||
| 100 |
_aAshwini K.P and others _912599 |
||
| 245 | 0 | _aVechile to vechicle cooperative communication using GPS, GSM | |
| 260 |
_aCoorg Institute of Technology _bPonnampet _c2016 |
||
| 650 | _aCOMPUTER SCIENCE | ||
| 999 |
_c138197 _d138197 |
||